000 00302nam a2200121Ia 4500
008 190216s9999||||xx |||||||||||||| ||und||
100 _a"Saxena And Arora,Prakash"
245 0 _aElectricity And Electronics
260 _bPragathi Prakashan
_c1985
300 _a711p
650 _aPhysics
942 _cBK
999 _c32991
_d32991